000 00532nam a2200181 4500
001 132447
003 ES-MaACL
005 20251003063125.0
007 t|
008 070214s1911 fr r ||||1| fre d
100 1 _aRomains, Jules,
_d1885-1972
_999206
245 1 2 _aL'armée dans la ville
_b: drame en cinq actes, vers... /
_cJules Romains (seud).
250 _a2ª. ed.
260 _aParis :
_bMercure de France,
_c1911.
300 _aXII, 217 p. ;
_c18 cm.
852 _aES-MaACL
_jD-1996
999 _c132447
_d132447